| 000 | 00846cam a2200301 4500 | ||
|---|---|---|---|
| 008 | 090401t1998 xxu||||| |||| 00| 0 eng d | ||
| 020 | _a0860174999 | ||
| 035 | _a(Sirsi) u91614 | ||
| 041 | _aeng | ||
| 050 | _a621.252 | ||
| 100 | _aHolden, J.M.W. | ||
| 245 | _aHydraulic measures for the treatment and control of groundwater pollution. | ||
| 260 |
_aLondon _bCIRIA _c1998 |
||
| 300 | _a576p. : ill. ; 30cm. | ||
| 350 | _a110 | ||
| 490 |
_aCIRIA Report _v186 |
||
| 650 | _aCONTAMINATED LAND | ||
| 650 | _aGROUND WATER | ||
| 650 | _aHYDRAULIC PUMPS | ||
| 650 | _aPOLLUTION | ||
| 690 | _aENVIRONMENTAL AND LAND CONSULTANCY | ||
| 700 | _aJones, M.A. | ||
| 700 | _aMirales-Wihelm, F. | ||
| 700 | _aWhite, C. | ||
| 710 |
_aConstruction Industry Research and Information Association _94810 |
||
| 942 | _n0 | ||
| 948 | _c26/02/1999 | ||
| 999 |
_c97657 _d97657 |
||